00365nam a2200145Ia 4500003000400000005001700004008004100021040001800062041000800080100003700088110001600125245001600141260002000157710004200177OSt20260317114309.0211028s2017 xx 000 0 und d cAIMIT LIBRARY aeng aPinto, Joel J; D' Souza.g141722 aThomas C G. aPaisa Box / aBengaluruc2017 aOnline Productivity solutions Pvt Ltd